[Event "10th Philadelphia Open"]
[Site "Philadelphia"]
[Date "2016.03.26"]
[Round "7"]
[White "Elezi, Luan"]
[Black "Ludwig, John"]
[Result "0-1"]
[WhiteElo "2091"]
[BlackElo "2319"]
[PlyCount "66"]
[EventDate "2016.03.??"]
[EventType "swiss"]
[EventRounds "9"]
[EventCountry "USA"]
[Source "MonRoi"]

1. d4 Nf6 2. c4 c5 3. Nf3 cxd4 4. Nxd4 b6 5. Nc3 Bb7 6. f3 d6 7. e4 e6 8. Bg5
a6 9. Qa4+ Nbd7 10. Rd1 Qc7 11. Be2 Be7 12. O-O O-O 13. Bh4 Rfe8 14. Bf2 Rac8
15. Rc1 Qb8 16. Qd1 Bd8 17. Nc2 Bc7 18. g3 Rcd8 19. Ne3 Nf8 20. Qb3 h5 21. Rfd1
h4 22. Kg2 Ng6 23. Nf1 d5 24. cxd5 exd5 25. exd5 b5 26. Rd2 Ba5 27. a4 Nxd5 28.
Bd4 Nxc3 29. bxc3 Rxd4 30. Ra2 Bd5 31. c4 Bxc4 32. Bxc4 bxc4 33. Qc2 c3 0-1

[Event "10th Philadelphia Open"]
[Site "Philadelphia"]
[Date "2016.03.26"]
[Round "7"]
[White "Balakrishnan, Praveen"]
[Black "Duarte, Martire"]
[Result "0-1"]
[WhiteElo "2377"]
[BlackElo "2167"]
[PlyCount "124"]
[EventDate "2016.03.??"]
[EventType "swiss"]
[EventRounds "9"]
[EventCountry "USA"]
[Source "MonRoi"]

1. e4 e5 2. Nf3 Nf6 3. Nxe5 d6 4. Nf3 Nxe4 5. Nc3 Nxc3 6. dxc3 Be7 7. Be3 O-O
8. Qd2 Nc6 9. O-O-O Be6 10. Be2 Bf6 11. h4 a5 12. Kb1 a4 13. Ng5 Qd7 14. Bd3
Bf5 15. g4 Bxd3 16. Qxd3 g6 17. f4 Rfe8 18. Rdg1 Qe7 19. Bc1 h6 20. Nh3 Qe4 21.
Qg3 a3 22. bxa3 Na5 23. g5 Bh8 24. gxh6 Qc6 25. h5 Bxc3 26. Bb2 Bxb2 27. hxg6
Qb6 28. gxf7+ Kxf7 29. Qg6+ Ke7 30. Re1+ Kd7 31. Qg4+ Kc6 32. Qg2+ Kc5 33. c4
Bc3+ 34. Kc1 Nxc4 35. Qf2+ Bd4 36. Qc2 Qb2+ 37. Qxb2 Bxb2+ 38. Kc2 Rxe1 39.
Rxe1 Rxa3 40. Ng5 Rc3+ 41. Kb1 d5 42. h7 Rg3 43. Rc1 Bf6 44. Rh1 Rg2 45. h8=Q
Na3+ 46. Kc1 Bxh8 47. Rxh8 Rxa2 48. Ra8 b5 49. f5 b4 50. f6 Ra1+ 51. Kb2 Rb1+
52. Ka2 b3+ 53. Kxa3 Ra1+ 54. Kxb3 Rxa8 55. f7 Kd6 56. Kc3 c5 57. Kd3 Ke7 58.
Ke3 Rf8 59. Kf4 Rxf7+ 60. Ke5 Rf1 61. Nh3 c4 62. Kd4 c3 0-1

[Event "10th Philadelphia Open"]
[Site "Philadelphia"]
[Date "2016.03.26"]
[Round "7"]
[White "Mandizha, Farai"]
[Black "Zaloznyy, Mike"]
[Result "1-0"]
[WhiteElo "2364"]
[BlackElo "2150"]
[PlyCount "93"]
[EventDate "2016.03.??"]
[EventType "swiss"]
[EventRounds "9"]
[EventCountry "USA"]
[Source "MonRoi"]

1. d4 d5 2. c4 e6 3. Nc3 Be7 4. Nf3 Nf6 5. Bf4 O-O 6. e3 b6 7. Rc1 c5 8. dxc5
Bxc5 9. cxd5 exd5 10. a3 Be6 11. Bd3 a6 12. O-O Bd6 13. Nd4 Ra7 14. Re1 Re8 15.
Qf3 Qd7 16. h3 Rc8 17. Nxe6 fxe6 18. Bxd6 Qxd6 19. Nxd5 Rxc1 20. Nxf6+ gxf6 21.
Rxc1 Qxd3 22. Qg3+ Kf7 23. Qxb8 Rd7 24. Qxb6 Qd2 25. Rc7 Rxc7 26. Qxc7+ Kg6 27.
Qc3 Qd1+ 28. Kh2 Qe2 29. f3 h5 30. Qd4 e5 31. Qe4+ Kg7 32. b4 h4 33. Qxh4 Qxe3
34. Qg4+ Kf7 35. a4 Qb3 36. b5 a5 37. h4 Ke7 38. h5 Qe3 39. Qg7+ Ke6 40. h6
Qf4+ 41. Kh3 Qc1 42. Kh2 Qf4+ 43. Qg3 Qxh6+ 44. Qh3+ Qxh3+ 45. gxh3 f5 46. Kg3
Kd5 47. h4 1-0

[Event "10th Philadelphia Open"]
[Site "Philadelphia"]
[Date "2016.03.26"]
[Round "7"]
[White "Nisperos, Nick"]
[Black "Jacobson, Brandon"]
[Result "1-0"]
[WhiteElo "1972"]
[BlackElo "2241"]
[PlyCount "73"]
[EventDate "2016.03.??"]
[EventType "swiss"]
[EventRounds "9"]
[EventCountry "USA"]
[Source "MonRoi"]

1. e4 g6 2. d4 Bg7 3. f4 d5 4. e5 Nh6 5. Nc3 c6 6. Nf3 f6 7. Be2 O-O 8. O-O Nf7
9. Be3 Bg4 10. Qd2 fxe5 11. fxe5 Bxf3 12. Rxf3 e6 13. Na4 Nd7 14. b4 Qe7 15.
Rb1 b6 16. Rff1 Rab8 17. c3 Rb7 18. Rb3 Rfb8 19. Rfb1 Rc7 20. Nb2 c5 21. bxc5
bxc5 22. Rxb8+ Nxb8 23. Nd3 Nd7 24. Bg4 h5 25. Bd1 cxd4 26. cxd4 Nb6 27. Nf4
Nh8 28. Qd3 Qf7 29. Bc2 Nc4 30. Bc1 Bh6 31. Nxh5 Bxc1 32. Nf6+ Kg7 33. Rxc1 Qe7
34. Qh3 Qa3 35. Qh7+ Kf8 36. Qxh8+ Kf7 37. Qg8+ 1-0

[Event "10th Philadelphia Open"]
[Site "Philadelphia"]
[Date "2016.03.26"]
[Round "7"]
[White "Feng, Maggie"]
[Black "Panchanathan, Magesh"]
[Result "1-0"]
[WhiteElo "2213"]
[BlackElo "2550"]
[PlyCount "61"]
[EventDate "2016.03.??"]
[EventType "swiss"]
[EventRounds "9"]
[EventCountry "USA"]
[Source "MonRoi"]

1. Nf3 d5 2. g3 Nf6 3. Bg2 c6 4. O-O Bg4 5. c4 e6 6. cxd5 exd5 7. Qb3 Qb6 8.
Qc2 Bd6 9. d3 Nbd7 10. Nc3 O-O 11. e4 Rfe8 12. Be3 Qa5 13. Nd4 dxe4 14. dxe4
Qh5 15. f3 Ne5 16. Qe2 Bc5 17. fxg4 Nexg4 18. Bf3 Rad8 19. Rad1 Qh3 20. Nc2
Nxe3 21. Nxe3 Qh6 22. Rde1 Nd5 23. Ncxd5 cxd5 24. Kh1 dxe4 25. Bg2 Qe6 26. a3
g6 27. Rd1 Rd3 28. Ng4 Rxd1 29. Rxd1 Kg7 30. b4 Bb6 31. Qb2+ 1-0

[Event "10th Philadelphia Open"]
[Site "Philadelphia"]
[Date "2016.03.26"]
[Round "7"]
[White "Morrison, William"]
[Black "Gorti, Akshita"]
[Result "1-0"]
[WhiteElo "2281"]
[BlackElo "2199"]
[PlyCount "83"]
[EventDate "2016.03.??"]
[EventType "swiss"]
[EventRounds "9"]
[EventCountry "USA"]
[Source "MonRoi"]

1. e4 e6 2. d4 d5 3. Nd2 Nf6 4. e5 Nfd7 5. f4 c5 6. c3 Nc6 7. Ngf3 Qb6 8. Nb3
cxd4 9. cxd4 a5 10. a4 Bb4+ 11. Kf2 f6 12. Be3 O-O 13. Rc1 fxe5 14. dxe5 Qd8
15. Kg1 Nb6 16. Nbd4 Bd7 17. b3 Rc8 18. Bd3 Nxd4 19. Nxd4 Rxc1 20. Qxc1 Qe7 21.
Qb1 h6 22. h4 Bc5 23. Qe1 Nc8 24. Qf2 Be8 25. h5 Kh8 26. Rh4 Na7 27. Kh1 b6 28.
Rh3 Bxd4 29. Bxd4 Qb4 30. Qe3 Nc6 31. Bxb6 Qxf4 32. Rf3 Qh4+ 33. Rh3 Qf4 34.
Qxf4 Rxf4 35. Bb5 d4 36. Bxa5 Nxa5 37. Bxe8 Rf1+ 38. Kh2 Re1 39. Rd3 Rxe5 40.
b4 Nc4 41. Rxd4 Nb6 42. a5 1-0

[Event "10th Philadelphia Open"]
[Site "Philadelphia"]
[Date "2016.03.26"]
[Round "7"]
[White "Pressman, Leif"]
[Black "Sinha, Sahil"]
[Result "1-0"]
[WhiteElo "2285"]
[BlackElo "2073"]
[PlyCount "95"]
[EventDate "2016.03.??"]
[EventType "swiss"]
[EventRounds "9"]
[EventCountry "USA"]
[Source "MonRoi"]

1. e4 c5 2. Nf3 d6 3. d4 cxd4 4. Nxd4 Nf6 5. Nc3 Nc6 6. Bg5 e6 7. Qd2 Be7 8.
O-O-O Nxd4 9. Qxd4 a6 10. Kb1 b5 11. f4 Bb7 12. Bd3 Rc8 13. Rhe1 Qc7 14. e5
dxe5 15. fxe5 Nd5 16. Nxd5 Bxd5 17. Bxe7 Qxe7 18. Qg4 O-O 19. Re3 f5 20. exf6
Qxf6 21. b3 Qf4 22. Qh5 Qh6 23. Qxh6 gxh6 24. Rd2 Rf6 25. Kb2 Rcf8 26. Be4 Bxe4
27. Rxe4 Kf7 28. Rd6 Rf2 29. Rexe6 Rc8 30. Rc6 Rxg2 31. Rxc8 Kxe6 32. Rc6+ Kf7
33. Rxh6 Kg7 34. Rxa6 Rxh2 35. Ra5 b4 36. Rg5+ Kf6 37. Rg4 h5 38. Rxb4 h4 39.
a4 Kg5 40. Rb8 h3 41. a5 Re2 42. a6 Re7 43. Rh8 Kg4 44. b4 Kg3 45. b5 h2 46. b6
Re8 47. Rxe8 h1=Q 48. b7 1-0

[Event "10th Philadelphia Open"]
[Site "Philadelphia"]
[Date "2016.03.26"]
[Round "7"]
[White "Garcia, Erick"]
[Black "Kim, Yoon-young"]
[Result "1-0"]
[WhiteElo "2246"]
[BlackElo "2109"]
[PlyCount "145"]
[EventDate "2016.03.??"]
[EventType "swiss"]
[EventRounds "9"]
[EventCountry "USA"]
[Source "MonRoi"]

1. d4 d5 2. c4 c6 3. Nf3 Nf6 4. Nc3 e6 5. e3 Nbd7 6. Bd3 g6 7. O-O Bg7 8. cxd5
exd5 9. Bd2 O-O 10. b4 Re8 11. Qb3 Ne4 12. Rfc1 Nb6 13. Be1 Nd6 14. b5 Bf5 15.
Bxf5 Nxf5 16. Na4 Nc4 17. Nb2 Nfd6 18. bxc6 bxc6 19. Nd3 Qc7 20. Rab1 a5 21.
Qa4 Rec8 22. Nd2 Nb6 23. Qc2 a4 24. Nc5 Nb5 25. Qd3 Qd8 26. Nf3 Nd6 27. Bb4 Ra7
28. Ne6 fxe6 29. Bxd6 Nc4 30. Bc5 Rf7 31. Nd2 Nxd2 32. Qxd2 e5 33. dxe5 Bxe5
34. Bd4 Bd6 35. Ba1 Qh4 36. g3 Qe4 37. Qc3 d4 38. Qxd4 Qxd4 39. Bxd4 c5 40. Rc2
Rfc7 41. Bc3 c4 42. Rb6 Bf8 43. Kf1 Rd7 44. Ke2 Rd3 45. Bb4 Bxb4 46. Rxb4 Ra3
47. Rbxc4 Rxc4 48. Rxc4 Rxa2+ 49. Kf3 Ra1 50. h4 a3 51. Ra4 a2 52. Kf4 Kg7 53.
e4 Kg8 54. Ra7 Kf8 55. Ke5 Ke8 56. Kf6 Re1 57. Rxa2 Rxe4 58. Ra8+ Kd7 59. Ra7+
Ke8 60. Rxh7 Re2 61. Kxg6 Rxf2 62. g4 Kf8 63. Rh8+ Ke7 64. g5 Ra2 65. Kg7 Ke6
66. Rf8 Ra7+ 67. Kg6 Ra5 68. h5 Ke7 69. Rf5 Ra6+ 70. Kg7 Ke8 71. Re5+ Kd8 72.
h6 Ra7+ 73. Kg8 1-0

[Event "10th Philadelphia Open"]
[Site "Philadelphia"]
[Date "2016.03.26"]
[Round "7"]
[White "Kretchetov, Alexandre"]
[Black "Kelly, Joey"]
[Result "1-0"]
[WhiteElo "2288"]
[BlackElo "2036"]
[PlyCount "55"]
[EventDate "2016.03.??"]
[EventType "swiss"]
[EventRounds "9"]
[EventCountry "USA"]
[Source "MonRoi"]

1. Nf3 Nf6 2. c4 e6 3. Nc3 d5 4. d4 c6 5. e3 Nbd7 6. Qc2 Bd6 7. b3 O-O 8. Be2
a6 9. O-O Qe7 10. Bb2 e5 11. cxd5 cxd5 12. dxe5 Nxe5 13. Rad1 Be6 14. Nd4 Qc7
15. h3 Rac8 16. Qb1 Bd7 17. Nf5 Bc6 18. Nxd6 Qxd6 19. Rd4 Rfd8 20. Rfd1 Qe7 21.
Qf5 Bd7 22. Qg5 Bc6 23. e4 h6 24. Qd2 Ng6 25. exd5 Rxd5 26. Nxd5 Nxd5 27. Bf3
Nf6 28. Rd8+ 1-0

[Event "10th Philadelphia Open"]
[Site "Philadelphia"]
[Date "2016.03.27"]
[Round "8.1"]
[White "Fishbein, Alexander"]
[Black "Li, Ruifeng"]
[Result "1/2-1/2"]
[WhiteElo "2485"]
[BlackElo "2486"]
[PlyCount "63"]
[EventDate "2016.03.??"]
[EventType "swiss"]
[EventRounds "9"]
[EventCountry "USA"]
[Source "MonRoi"]
[WhiteClock "0:45:31"]
[BlackClock "0:46:46"]

1. Nf3 c5 2. c4 Nc6 3. d4 cxd4 4. Nxd4 Nf6 5. Nc3 e6 6. Ndb5 d5 7. Bf4 e5 8.
cxd5 exf4 9. dxc6 bxc6 10. Qxd8+ Kxd8 11. Rd1+ Bd7 12. Nd6 Ke7 13. g3 Nd5 14.
Nde4 Nxc3 15. Nxc3 fxg3 16. hxg3 g6 17. Rh4 Bg7 18. Rc4 Be6 19. Rc5 Bxc3+ 20.
Rxc3 Bxa2 21. Rxc6 Be6 22. Ra1 a5 23. Bg2 Rab8 24. Rc7+ Kd6 25. Rac1 Rhc8 26.
R1c6+ Ke5 27. f4+ Kf6 28. Rxc8 Rxc8 29. Rxc8 Bxc8 30. Kd2 g5 31. e3 h5 32. Bf3
1/2-1/2

[Event "10th Philadelphia Open"]
[Site "Philadelphia"]
[Date "2016.03.27"]
[Round "8.2"]
[White "Indjic, Aleksandar"]
[Black "Chirila, Ioan"]
[Result "1-0"]
[WhiteElo "2542"]
[BlackElo "2524"]
[PlyCount "83"]
[EventDate "2016.03.??"]
[EventType "swiss"]
[EventRounds "9"]
[EventCountry "USA"]
[Source "MonRoi"]
[WhiteClock "0:54:14"]
[BlackClock "0:26:45"]

1. Nf3 Nf6 2. d3 d5 3. c4 g6 4. cxd5 Nxd5 5. e4 Nb6 6. Be3 Bg7 7. Qc2 Nc6 8.
Nbd2 O-O 9. Be2 Bg4 10. O-O Rc8 11. Rfc1 Bxf3 12. Nxf3 Nd4 13. Bxd4 Bxd4 14.
Nxd4 Qxd4 15. a4 c5 16. a5 Nd7 17. Ra4 Qd6 18. Rc4 Rcd8 19. b4 b6 20. bxc5 Nxc5
21. d4 Ne6 22. d5 Nc5 23. axb6 axb6 24. Qc3 e6 25. Bf3 exd5 26. exd5 Rfe8 27.
h4 h5 28. Rb1 Ra8 29. g3 Rad8 30. Kg2 Re7 31. Rcb4 Rb8 32. Rf4 Re5 33. Ra1 Rbe8
34. Ra7 R8e7 35. Ra8+ Kg7 36. Rc8 Rc7 37. Rd8 Qxd8 38. Qxe5+ Kg8 39. d6 Rd7 40.
Bd5 Nd3 41. Rxf7 Rxf7 42. Qe6 1-0

[Event "10th Philadelphia Open"]
[Site "Philadelphia"]
[Date "2016.03.27"]
[Round "8.3"]
[White "Kadric, Denis"]
[Black "Berczes, David"]
[Result "1/2-1/2"]
[WhiteElo "2546"]
[BlackElo "2482"]
[PlyCount "45"]
[EventDate "2016.03.??"]
[EventType "swiss"]
[EventRounds "9"]
[EventCountry "USA"]
[Source "MonRoi"]
[WhiteClock "1:54:53"]
[BlackClock "1:47:34"]

1. e4 e5 2. Nf3 Nc6 3. Bb5 Nf6 4. O-O Nxe4 5. Re1 Nd6 6. Nxe5 Be7 7. Bf1 Nxe5
8. Rxe5 O-O 9. d4 Bf6 10. Re1 Nf5 11. c3 d5 12. Nd2 Nd6 13. Bd3 c6 14. Nf1 Bf5
15. Bxf5 Nxf5 16. Bf4 Re8 17. Qd2 Qd7 18. Ng3 Nxg3 19. hxg3 Rxe1+ 20. Rxe1 Re8
21. Rxe8+ Qxe8 22. Qe3 Qxe3 23. Bxe3 1/2-1/2

[Event "10th Philadelphia Open"]
[Site "Philadelphia"]
[Date "2016.03.27"]
[Round "8.4"]
[White "Javakhadze, Zurab"]
[Black "Hilby, Craig"]
[Result "0-1"]
[WhiteElo "2453"]
[BlackElo "2343"]
[PlyCount "60"]
[EventDate "2016.03.??"]
[EventType "swiss"]
[EventRounds "9"]
[EventCountry "USA"]
[Source "MonRoi"]
[WhiteClock "0:00:19"]
[BlackClock "0:15:08"]

1. Nf3 Nf6 2. g3 g6 3. b3 Bg7 4. Bb2 O-O 5. Bg2 c5 6. c4 e6 7. O-O Nc6 8. d4
cxd4 9. Nxd4 d5 10. Nxc6 bxc6 11. Qc2 a5 12. Nc3 Qe7 13. Rfd1 Ba6 14. Na4 Rfd8
15. e3 Nd7 16. Bxg7 Kxg7 17. Rd2 Rab8 18. Rad1 dxc4 19. bxc4 Ne5 20. c5 Rxd2
21. Rxd2 Rb4 22. Nb6 Qf6 23. a3 Nc4 24. axb4 Nxd2 25. f4 Qa1+ 26. Kf2 Ne4+ 27.
Kf3 f5 28. b5 Bxb5 29. Nc8 Qe1 30. Qb2+ Kh6 0-1

[Event "10th Philadelphia Open"]
[Site "Philadelphia"]
[Date "2016.03.27"]
[Round "8"]
[White "Santarius, Erik"]
[Black "Margvelashvili, Giorgi"]
[Result "0-1"]
[WhiteElo "2343"]
[BlackElo "2532"]
[PlyCount "74"]
[EventDate "2016.03.??"]
[EventType "swiss"]
[EventRounds "9"]
[EventCountry "USA"]
[Source "MonRoi"]

1. d4 Nf6 2. Nf3 g6 3. c4 Bg7 4. Nc3 O-O 5. e4 d6 6. h3 e5 7. d5 a5 8. Bg5 Na6
9. Be2 Qe8 10. Nd2 Nd7 11. a3 Nb6 12. b3 f5 13. f3 Bf6 14. Be3 Bh4+ 15. Kf1 Qe7
16. Bd3 Nd7 17. Ke2 Nf6 18. Nf1 Nh5 19. g4 Nf4+ 20. Kd2 fxg4 21. hxg4 Bg5 22.
Rh2 Nxd3 23. Kxd3 Bxe3 24. Nxe3 Nc5+ 25. Kc2 a4 26. Nxa4 Nxa4 27. bxa4 Bd7 28.
Qe2 Rxa4 29. Kd2 Qg5 30. Kc3 b5 31. cxb5 Bxb5 32. Qxb5 Qxe3+ 33. Kc2 Qd4 34.
Rah1 Rc4+ 35. Kb3 Qd3+ 36. Ka2 Rc2+ 37. Rxc2 Qxb5 0-1

[Event "10th Philadelphia Open"]
[Site "Philadelphia"]
[Date "2016.03.27"]
[Round "8"]
[White "Friedel, Joshua"]
[Black "Colas, Joshua"]
[Result "1-0"]
[WhiteElo "2519"]
[BlackElo "2374"]
[PlyCount "77"]
[EventDate "2016.03.??"]
[EventType "swiss"]
[EventRounds "9"]
[EventCountry "USA"]
[Source "MonRoi"]

1. d4 Nf6 2. c4 e6 3. Nf3 d5 4. Bg5 Be7 5. e3 O-O 6. Nbd2 h6 7. Bh4 Nbd7 8. Bd3
c5 9. O-O b6 10. cxd5 Nxd5 11. Bg3 Bb7 12. Nc4 cxd4 13. exd4 N7f6 14. Nfe5 b5
15. Ne3 Nxe3 16. fxe3 Qd5 17. Qe2 a6 18. Bh4 g5 19. Be1 Kg7 20. a4 b4 21. a5
Rac8 22. h3 Rc7 23. Nc4 Ne4 24. Nb6 Qd6 25. Bxa6 Ng3 26. Bxg3 Qxg3 27. Bxb7 Bd6
28. Qf3 Qh2+ 29. Kf2 Rc2+ 30. Ke1 b3 31. Ra4 Rxb2 32. Nc4 Rc2 33. Kd1 f5 34.
Qc6 Be7 35. Qxe6 Qc7 36. Qe5+ Qxe5 37. Nxe5 f4 38. exf4 gxf4 39. Be4 1-0

[Event "10th Philadelphia Open"]
[Site "Philadelphia"]
[Date "2016.03.27"]
[Round "8"]
[White "Ludwig, John"]
[Black "Mulyar, Michael"]
[Result "1-0"]
[WhiteElo "2319"]
[BlackElo "2398"]
[PlyCount "71"]
[EventDate "2016.03.??"]
[EventType "swiss"]
[EventRounds "9"]
[EventCountry "USA"]
[Source "MonRoi"]

1. e4 e5 2. Nf3 Nc6 3. Bb5 a6 4. Ba4 Nf6 5. d3 b5 6. Bb3 Bc5 7. Nc3 h6 8. Be3
d6 9. Nd5 O-O 10. O-O Be6 11. a3 Nd4 12. Bxd4 Bxd4 13. Nxd4 exd4 14. Nxf6+ Qxf6
15. Bxe6 Qxe6 16. Qd2 c5 17. f4 f5 18. Rae1 Rae8 19. Qa5 fxe4 20. Rxe4 Qd5 21.
Rxe8 Rxe8 22. Qxa6 Re2 23. Qc8+ Kh7 24. Qg4 Rxc2 25. f5 Qf7 26. f6 gxf6 27. Re1
Rxb2 28. Qc8 h5 29. Qd8 Kg6 30. Re7 Qd5 31. Qe8+ Kg5 32. Rg7+ Kf4 33. Qe1 Qe5
34. Qg3+ Kf5 35. Qh3+ Kf4 36. Qf3# 1-0

[Event "10th Philadelphia Open"]
[Site "Philadelphia"]
[Date "2016.03.27"]
[Round "8"]
[White "Ostrovskiy, Aleksandr"]
[Black "Nisperos, Nick"]
[Result "1/2-1/2"]
[WhiteElo "2387"]
[BlackElo "1972"]
[PlyCount "71"]
[EventDate "2016.03.??"]
[EventType "swiss"]
[EventRounds "9"]
[EventCountry "USA"]
[Source "MonRoi"]

1. e4 c5 2. Nf3 Nc6 3. Bb5 Nf6 4. Bxc6 dxc6 5. d3 Bg4 6. h3 Bh5 7. Nc3 Nd7 8.
g4 Bg6 9. Bf4 f6 10. e5 Nb6 11. Qe2 Nd5 12. Bd2 Nb4 13. Qd1 Qd7 14. a3 Nd5 15.
Qe2 e6 16. O-O-O Be7 17. Rde1 f5 18. gxf5 Bxf5 19. Ne4 O-O-O 20. Reg1 g6 21.
Bg5 Bxe4 22. dxe4 Bxg5+ 23. Nxg5 Nf4 24. Qe3 Rhf8 25. Rd1 Qe7 26. Rxd8+ Kxd8
27. Rd1+ Kc8 28. h4 h6 29. Nf3 Ng2 30. Qc3 Nxh4 31. Nxh4 Qxh4 32. Qxc5 Qxf2 33.
Qe7 a6 34. Qxe6+ Kb8 35. Qd6+ Ka7 36. Qxg6 1/2-1/2

[Event "10th Philadelphia Open"]
[Site "Philadelphia"]
[Date "2016.03.27"]
[Round "8"]
[White "Morrison, William"]
[Black "Feng, Maggie"]
[Result "1/2-1/2"]
[WhiteElo "2281"]
[BlackElo "2213"]
[PlyCount "66"]
[EventDate "2016.03.??"]
[EventType "swiss"]
[EventRounds "9"]
[EventCountry "USA"]
[Source "MonRoi"]

1. e4 e6 2. d4 d5 3. Nd2 Nf6 4. e5 Nfd7 5. f4 c5 6. c3 Nc6 7. Ngf3 Qb6 8. Nb3
cxd4 9. cxd4 a5 10. a4 Bb4+ 11. Kf2 f6 12. Be3 O-O 13. Rc1 Qd8 14. Be2 Nb6 15.
exf6 Qxf6 16. Nc5 Ne7 17. Bd3 Nf5 18. Bxf5 Qxf5 19. b3 Nd7 20. Nxd7 Bxd7 21.
Rf1 Rfc8 22. Qe2 Ba3 23. Rxc8+ Rxc8 24. Rd1 Rc2 25. Rd2 Rc3 26. Ne5 Be8 27. Rd3
Rc8 28. Bd2 Rc2 29. Rc3 Rxc3 30. Bxc3 Qxf4+ 31. Nf3 Qc7 32. Qxe6+ Bf7 33. Qe1
b6 1/2-1/2

[Event "10th Philadelphia Open"]
[Site "Philadelphia"]
[Date "2016.03.27"]
[Round "8"]
[White "Peng, David"]
[Black "Balakrishnan, Praveen"]
[Result "1-0"]
[WhiteElo "2241"]
[BlackElo "2377"]
[PlyCount "99"]
[EventDate "2016.03.??"]
[EventType "swiss"]
[EventRounds "9"]
[EventCountry "USA"]
[Source "MonRoi"]

1. e4 c6 2. d4 d5 3. Nd2 dxe4 4. Nxe4 Bf5 5. Ng3 Bg6 6. h4 h6 7. Nf3 Nd7 8. h5
Bh7 9. Bd3 Bxd3 10. Qxd3 e6 11. Bd2 Ngf6 12. O-O-O Be7 13. Kb1 O-O 14. Ne4 Nxe4
15. Qxe4 Nf6 16. Qe2 Qd5 17. Be3 Bd6 18. Nd2 Qb5 19. c4 Qf5+ 20. Ka1 a5 21. f3
a4 22. g4 Qh7 23. a3 b5 24. g5 hxg5 25. Bxg5 Qf5 26. Rdg1 Kh8 27. Ne4 Be7 28.
h6 g6 29. Rh4 e5 30. dxe5 Qxe5 31. Bd2 b4 32. axb4 Qd4 33. Rgh1 a3 34. Bc3
axb2+ 35. Kxb2 Qa7 36. Kb1 Rfb8 37. Qb2 Rxb4 38. Bxb4 Rb8 39. c5 Qd7 40. Nxf6
Qd3+ 41. Kc1 Qe3+ 42. Bd2 Qxc5+ 43. Qc3 Qb5 44. Nd7+ f6 45. Nxb8 Qxb8 46. Re4
Qa7 47. Rxe7 Qxe7 48. Re1 Qf7 49. Bg5 Kh7 50. Bxf6 1-0

[Event "10th Philadelphia Open"]
[Site "Philadelphia"]
[Date "2016.03.27"]
[Round "8"]
[White "Toolin, Christopher"]
[Black "Garcia, Erick"]
[Result "0-1"]
[WhiteElo "2220"]
[BlackElo "2246"]
[PlyCount "106"]
[EventDate "2016.03.??"]
[EventType "swiss"]
[EventRounds "9"]
[EventCountry "USA"]
[Source "MonRoi"]

1. d4 d5 2. c4 c6 3. Nf3 Nf6 4. Nc3 e6 5. g3 Be7 6. Bg2 O-O 7. O-O b6 8. Qc2
Ba6 9. b3 Nbd7 10. Rd1 Rc8 11. e4 Bb7 12. e5 Ne8 13. h4 Nc7 14. Ng5 g6 15. Qe2
Bb4 16. Bd2 Qe7 17. cxd5 cxd5 18. a3 Bxc3 19. Bxc3 a5 20. Bd2 Ba6 21. Qe3 Rfe8
22. a4 Nb8 23. Rac1 Bb7 24. Bf1 Ba6 25. Bh3 Bb7 26. Nf3 Nca6 27. h5 Rxc1 28.
Bxc1 Nb4 29. hxg6 fxg6 30. Qh6 Nd7 31. Kg2 Nf8 32. Bg5 Qg7 33. Qh4 Ba6 34. Nh2
h5 35. Bf6 Qh6 36. Bg5 Qg7 37. g4 Nh7 38. Bf6 Qh6 39. Qg3 Be2 40. Rh1 h4 41.
Bxh4 g5 42. Qe3 Bd3 43. Bg3 Nf8 44. Rc1 Re7 45. Rh1 Rc7 46. Nf1 Rc3 47. Kg1 Nc2
48. Qd2 Nxd4 49. Qd1 Rxb3 50. Nd2 Rb2 51. Nf1 Ne2+ 52. Kh2 Be4 53. Qa1 Rb4 0-1

[Event "10th Philadelphia Open"]
[Site "Philadelphia"]
[Date "2016.03.27"]
[Round "8"]
[White "Zaloznyy, Mike"]
[Black "Kumar, Aravind"]
[Result "0-1"]
[WhiteElo "2150"]
[BlackElo "2246"]
[PlyCount "110"]
[EventDate "2016.03.??"]
[EventType "swiss"]
[EventRounds "9"]
[EventCountry "USA"]
[Source "MonRoi"]

1. e4 e6 2. d4 d5 3. exd5 exd5 4. Nf3 Nf6 5. c4 Be7 6. Nc3 O-O 7. h3 a6 8. c5
b6 9. cxb6 cxb6 10. Bd3 Nc6 11. O-O b5 12. Be3 Bb7 13. Rc1 Na5 14. Ne5 Nc4 15.
Qe2 Nxe3 16. Qxe3 Bd6 17. Ne2 Re8 18. f4 Ne4 19. Ng3 Nxg3 20. Qxg3 Qb6 21. Qf2
Rac8 22. Bf5 Rxc1 23. Rxc1 g6 24. Bb1 Re7 25. f5 Bxe5 26. dxe5 Qxf2+ 27. Kxf2
gxf5 28. Ke3 f6 29. e6 d4+ 30. Kxd4 Rxe6 31. Bxf5 Re2 32. g4 Rxb2 33. Rc7 Rb4+
34. Kc5 Rc4+ 35. Kb6 Rxc7 36. Be6+ Kf8 37. Kxc7 Bg2 38. h4 Bh3 39. h5 Bf1 40.
a3 Ke7 41. Bf5 h6 42. Bc8 a5 43. Ba6 Bh3 44. Bxb5 Bxg4 45. Kb6 Bxh5 46. Kxa5
Bf3 47. Kb4 Kd6 48. Kc3 Ke5 49. a4 h5 50. a5 h4 51. Bf1 Kf4 52. Kd4 Kg3 53. Ke3
f5 54. a6 f4+ 55. Kd4 h3 0-1

[Event "10th Philadelphia Open"]
[Site "Philadelphia"]
[Date "2016.03.27"]
[Round "8"]
[White "Jacobson, Brandon"]
[Black "Li, Ben"]
[Result "0-1"]
[WhiteElo "2241"]
[BlackElo "2196"]
[PlyCount "144"]
[EventDate "2016.03.??"]
[EventType "swiss"]
[EventRounds "9"]
[EventCountry "USA"]
[Source "MonRoi"]

1. d4 d5 2. c4 e6 3. Nf3 Nf6 4. Nc3 Be7 5. Bf4 O-O 6. e3 Nbd7 7. c5 c6 8. Bd3
b6 9. b4 a5 10. a3 Ba6 11. O-O Qc8 12. h3 Qb7 13. Qe2 Bxd3 14. Qxd3 Ra7 15. Nd2
Rfa8 16. Rab1 axb4 17. axb4 Bd8 18. Rfc1 Ra3 19. Qc2 Bc7 20. Bxc7 Qxc7 21. Nb3
bxc5 22. dxc5 Rb8 23. Nd4 e5 24. Nf5 g6 25. Nd6 Qa7 26. e4 d4 27. Nd1 Ne8 28.
Nxe8 Rxe8 29. b5 Ra2 30. Qc4 cxb5 31. Rxb5 Ra4 32. Qd5 Nf6 33. Qd6 Nxe4 34. Qc6
Qa8 35. Qd7 Ra7 36. Qg4 Rc7 37. Qf3 Ng5 38. Qg3 Ne4 39. Qb3 Qc6 40. Rb6 Qd7 41.
c6 Qd6 42. Rb7 Rec8 43. Rxc7 Rxc7 44. Qb6 Kg7 45. Rc4 Ng5 46. Nb2 Ne6 47. Nd3
e4 48. Nc5 Nxc5 49. Rxc5 d3 50. Rc1 h5 51. Qb2+ Kh7 52. Qa2 Qf4 53. Qb2 Re7 54.
g3 Qd6 55. Qb3 e3 56. c7 exf2+ 57. Kg2 Rxc7 58. Rxc7 Qxc7 59. Qxd3 Qc5 60. Qf3
Kg7 61. Qd3 Qb6 62. Kf1 Qf6 63. Qe4 Kf8 64. Qb7 h4 65. Qb4+ Kg8 66. gxh4 Qf3
67. Qd4 Qg3 68. Qxf2 Qxf2+ 69. Kxf2 Kh7 70. Kf3 Kh6 71. Kg4 f6 72. h5 f5+ 0-1

[Event "10th Philadelphia Open"]
[Site "Philadelphia"]
[Date "2016.03.27"]
[Round "8"]
[White "Panchanathan, Magesh"]
[Black "Bennett, David"]
[Result "1-0"]
[WhiteElo "2550"]
[BlackElo "2103"]
[PlyCount "63"]
[EventDate "2016.03.??"]
[EventType "swiss"]
[EventRounds "9"]
[EventCountry "USA"]
[Source "MonRoi"]

1. e4 c5 2. Nf3 d6 3. d4 cxd4 4. Nxd4 Nf6 5. Nc3 g6 6. Be3 a6 7. Be2 Nbd7 8.
O-O Bg7 9. a4 Nc5 10. Bf3 h5 11. h3 Nfd7 12. b4 Ne6 13. Nd5 Nc7 14. a5 Nxd5 15.
exd5 Qc7 16. Qd2 Ne5 17. Be2 f5 18. c4 Nf7 19. Rac1 O-O 20. f4 Kh7 21. Rfe1 Re8
22. Bf3 Bh6 23. Kh1 Bd7 24. Qd3 Bg7 25. Ne6 Bxe6 26. dxe6 Nd8 27. Bb6 Qc8 28.
c5 Qb8 29. cxd6 exd6 30. e7 Nc6 31. Bxc6 bxc6 32. Rxc6 1-0

[Event "10th Philadelphia Open"]
[Site "Philadelphia"]
[Date "2016.03.27"]
[Round "8"]
[White "Perez-billinghurst, Ricardo"]
[Black "Kretchetov, Alexandre"]
[Result "1/2-1/2"]
[WhiteElo "2123"]
[BlackElo "2288"]
[PlyCount "38"]
[EventDate "2016.03.??"]
[EventType "swiss"]
[EventRounds "9"]
[EventCountry "USA"]
[Source "MonRoi"]

1. e4 e5 2. Nf3 Nc6 3. Bb5 g6 4. d4 exd4 5. c3 d3 6. Qxd3 Bg7 7. Bg5 Nge7 8.
Nbd2 O-O 9. O-O h6 10. Bh4 d6 11. Rad1 g5 12. Bg3 Ng6 13. Bxc6 bxc6 14. Nd4 Ne7
15. f4 c5 16. Nc2 Ng6 17. fxg5 hxg5 18. Ne3 Rb8 19. b3 Be5 1/2-1/2